Countries that end with "stan" - Statistics

General Stats
  • This quiz has been taken 33 times
  • The average score is 6 of 7
Answer Stats
Hint Answer % Correct
10 letters Uzbekistan
100%
8 letters Pakistan
96%
12 letters Turkmenistan
96%
10 letters Kyrgyzstan
93%
9 letters Kazakhstan
89%
10 letters Afghanistan
86%
10 letters Tajikistan
86%
No matching quizzes found
Score Distribution
Percent of People with Each Score
Percentile by Number Answered
Your Score History
You have not taken this quiz